000 01144cam a22003374a 4500
001 12487241
003 OSt
005 20160916183203.0
008 010730s2002 njua b 001 0 eng
010 _a 2001036932
020 _a0-13-030-483-2
040 _aDLC
_cDLC
_dDLC
042 _apcc
050 0 0 _aLC1021
_b.K49 2002
082 0 0 _aDC 378.012
_22002
_bK52
100 _914687
_aFigler, Howard E.
245 0 0 _aKeys to liberal arts success /
_cHoward E. Figler ... [and three others].
260 _aUpper Saddle River, N.J. :
_bPrentice Hall,
_cc2002.
300 _axxv, 278 pages :
_billustrations ;
_c24 cm.
365 _b2,493.00
_cPhp
504 _aIncludes bibliographical references (p. 269-272) and index.
650 0 _aEducation, Humanistic.
650 0 _aCollege student orientation.
650 0 _aStudy skills.
700 _aCarter, Carol
_914688
700 _aBishop, Joyce
_914689
700 _aKravits, Sarah Lyman
_914690
906 _a7
_bcbc
_corignew
_d1
_eocip
_f20
_gy-gencatlg
942 _2ddc
_cDC
999 _c4570
_d4570